000 nam a22 4500
999 _c8815
_d8815
008 180313b ||||| |||| 00| 0 eng d
245 _aNumber of Filipinos pursuing post-grad in NZ at record high level.
260 _aPhilippines
_bManila Bulletin
_cc2016
300 _apage B-7.
650 0 _926768
_aEducation.
942 _2ddc
_cPER